O inspector Varatojo investiga... (Record no. 46273)

MARC details
000 -Etiqueta do registo
Valores 00491cam a22001931 04500
100 ## - Dados gerais de processamento
Dados gerais 19951010d1967 m y0pory5003 ba
101 0# - Língua de publicação
Língua por
102 ## - País de publicação
País PT
200 1# - Titulo e menção de responsabilidade
Título próprio O inspector Varatojo investiga...
Primeira menção de responsabilidade Artur Varatojo
210 #9 - Publicação
Local de publicação Lisboa
Nome do editor Artur Varatojo,
Data de publicação [D.L. 1967]
215 ## - Descrição física 
Paginação / Volumes 200 p.
Outras indicações físicas il.
Dimensões 19 cm
305 ## - Nota relativa à edição da publicação
Texto da nota Ed. do autor
675 ## - CDU
Notação 821.134.3-34
675 ## - CDU
Notação 82-312.4
700 #1 - Autor principal
Apelido Varatojo,
Nome Artur,
Datas 1926-2006
801 #0 - Fonte de origem
País PT
Agência BN
Regras de catalogação RPC
990 ## - Elementos KOHA
Tipo de documento Livro
Holdings
Aquisição Empréstimo Código de barras Cota Permissão de empréstimo Tipo de documento Nota relativa ao exemplar
Biblioteca Municipal de Redondo Biblioteca Municipal de Redondo 057378 821.134.3-3 VAR   Livro oferta de Franklim Amaro Cabreirinha

Powered by Koha